000 00526nam a22001697a 4500
003 SGT
005 20260703114446.0
082 _a615
_bA95A
100 _aAKALANK PUBLICATION
245 _aAKALANK'S THE DRUGS AND COSMETICS ACT, 1940 AND THE DRUGS AND COSMETICS RULES,1945 WITH CASE LAW
250 _a2ND
260 _aDELHI
_bAKALANK PUBLICATION
_c1995
300 _a307
650 _aPHARMACY
653 _aAKALANK'S THE DRUGS AND COSMETICS ACT, 1940 AND THE DRUGS AND COSMETICS RULES,1945 WITH CASE LAW
942 _2ddc
_cBK
999 _c35050
_d35050